Estadísticas para Competidores de FMS internacional temporada 2

Haz click aquí para intentar la prueba.

Estadísticas generales

  • Esta prueba ha sido intentada 33 veces
  • La puntuación promedio es 21 de 27

Estadísticas de respuestas

NacionFreestylers% Correcto
EspañaGazir
100%
ArgentinaPapo
100%
MexicoAczino
92%
PeruJaze
92%
EspañaTirpa
92%
ArgentinaMecha
88%
ArgentinaNacho
88%
MexicoRc
88%
EspañaSweet Pain
88%
EspañaMnak
83%
MexicoRapder
83%
EspañaZasko
83%
ChileAcertijo
79%
PeruNekroos
75%
ChileNitro
75%
PeruSkill
75%
ArgentinaWolf
75%
MexicoSkiper
71%
PeruStrike
71%
ArgentinaKlan
67%
MexicoYoiker
67%
PeruJota
63%
PeruStick
63%
MexicoGarza
54%
ChileJoqerr
54%
ChileJokker
46%
ChilePepe Grillo
46%

Distribución de puntuación

Porcentaje por número respondido

Porcentaje de gente con cada puntuación

Historial de tus puntuaciones

No has intentado esta prueba.